One Worded Clubs Who Have Been English League Champions - Statistics

General Stats
  • This quiz has been taken 42 times
  • The average score is 4 of 7
Answer Stats
Answer % Correct
Arsenal
92%
Chelsea
92%
Liverpool
84%
Everton
59%
Burnley
22%
Sunderland
19%
Portsmouth
5%
No matching quizzes found
Score Distribution
Percent of People with Each Score
Percentile by Number Answered
Your Score History
You have not taken this quiz